7 jours en 15 secondes - Statistiques

Statistiques générales
  • Ce quiz a été pris 437 fois
  • Le résultat moyen est 6 sur 7
Statistiques - réponses
Jour % Correct
Lundi
99%
Mardi
98%
Jeudi
95%
Mercredi
94%
Vendredi
91%
Samedi
86%
Dimanche
78%
Aucun quiz correspondant
Distribution des résultats
% des personnes avec chaque résultat
Percentile par nombre de réponses
Votre historique - résultats
Vous n’avez pas pris ce quiz